POWER AND INDEPENDENCE OF THE FEDERAL RE (Record no. 32052)

MARC details
000 -LEADER
fixed length control field 00363nam a2200133Ia 4500
008 - FIXED-LENGTH DATA ELEMENTS--GENERAL INFORMATION
fixed length control field 240624s9999 xx 000 0 und d
041 ## - LANGUAGE CODE
Language code of text/sound track or separate title eng
082 ## - DEWEY DECIMAL CLASSIFICATION NUMBER
Classification number 332.1 CON
100 ## - MAIN ENTRY--PERSONAL NAME
Personal name CONTI BROWN PETER
245 ## - TITLE STATEMENT
Title POWER AND INDEPENDENCE OF THE FEDERAL RE
260 ## - PUBLICATION, DISTRIBUTION, ETC.
Date of publication, distribution, etc. 2016
Place of publication, distribution, etc. Oxford
Name of publisher, distributor, etc. Princeton University Press
300 ## - PHYSICAL DESCRIPTION
Extent xiv, 347 p.; 23 cm.
365 ## - TRADE PRICE
Currency code BPS
Price amount 30
Holdings
Withdrawn status Lost status Damaged status Not for loan Home library Current library Shelving location Date acquired Full call number Barcode Date last seen Copy number Price effective from Koha item type
        IMTN IMTN Rack 9-A 03/03/2020 332.1 CON 32052 06/24/2024 97.4 06/24/2024 Books
Designed & Maintained by: LRC IMT Nagpur Contact: lrc@imtnag.ac.in© 2024. All Rights Reserved.